000 00736nam a2200229Ia 4500
003 OSt
005 20251120114259.0
008 210716s2003 xx 000 0 und d
020 _a812970210X
040 _cAIMIT LIBRARY
041 _aeng
082 _a005.761
_bMARG
100 _aMarakas, George M.
_9246286
245 _aModern data warehousing mining and visualization:
_bcore concepts /
_cBy George M. Marakas.
250 _a1st ed.
260 _aNew Delhi :
_bPearson Education ,
_c2003.
300 _axiv,274 p.;
_bPB
_c23 cm.
650 _aDesigning and building the data warehouse
_9246287
650 _aExecutive information systems
_9246288
650 _aFuture of data mining
_9246289
942 _2ddc
_cBK
_k005.761 MARG
999 _c186364
_d186364